000 01444nam a22003617a 4500
003 CHAP
005 20220329143924.0
008 270812s2012 mx r 00010 spa d
010 _a103764
011 _a104736
035 _a115426
040 _cCHAP
090 _aTesis
100 1 _aPeredo Arellano, Mónica.
_987104
245 1 0 _aIdentificación del carbón de la cebolla en San Pablo Actipan, Tepeaca, Puebla, México
_h[En línea]
_c/por Mónica Peredo Arellano
260 _aChapingo, Méx. :
_bEl autor,
_c2012
500 _aPara ver el contenido del material haga clic en la liga
502 _aTesis (Ing. Agrónomo Especialista en Parasitología Agrícola) -- UACH. Departamento de Parasitología Agrícola
590 _aALEPH
_b10
_c20130110
_lUCH01
_h1546
590 _aBATCH-UPD
_b10
_c20130110
_lUCH01
_h1709
590 _aBATCH-UPD
_b10
_c20130410
_lUCH01
_h0839
590 _aBATCH-UPD
_b10
_c20130914
_lUCH01
_h0906
590 _aBATCH-UPD
_b10
_c20140324
_lUCH01
_h1533
590 _aBATCH-UPD
_b10
_c20141002
_lUCH01
_h0854
590 _aCONVERSION
_b10
_c20130109
_lUCH01
_h1357
650 0 4 _aCebolla
_xEnfermedades por hongos.
_920767
650 0 4 _aCebolla
_xPuebla.
_920800
856 _3Finding aid
_uhttp://10.13.5.2/tesis/115426.pdf
_zTeclea aqui
901 _aBK
942 _cFOLL
949 _aTesis
_bBC
_cTES
_d33724002341900
_eTS1
_h53840
_i115426
_st
949 _aTesis
_bBC
_cTES
_d33724002341941
_eTS2
_fc.2
_h53841
_i115426
_st
999 _c103764
_d103764